000 02643nam a2200685uc 4500
001 1293189588
003 DE-101
005 20260414151736.0
007 cr||||||||||||
008 230619s2019 gw |||||o|||| 00||||ger
015 _a23,O07
_2dnb
016 7 _2DE-101
_a1293189588
020 _a9783770456956
024 3 _a9783770456956
024 7 _2urn
_aurn:nbn:de:101:1-2023061911271428545054
028 5 2 _aBestellnummer: 375/45695
035 _a(DE-599)DNB1293189588
035 _a(OCoLC)1389386419
040 _a1140
_bger
_cDE-101
_d9999
041 _81\p
_ager
044 _cXA-DE-BE
082 7 4 _84\p
_a741.5
_qDE-101
_223sdnb
100 1 _82\p
_0(DE-588)1175438235
_0https://d-nb.info/gnd/1175438235
_0(DE-101)1175438235
_aShirahama, Kamome
_eVerfasser
_4aut
_2gnd
245 1 0 _aAtelier of Witch Hat 05
_bDas Geheimnis der Hexen
_cKamome Shirahama
264 1 _aBerlin
_bEgmont Manga.digital
_c2019
300 _aOnline-Ressource, 192 Seiten
336 _aText
_btxt
_2rdacontent
337 _aComputermedien
_bc
_2rdamedia
338 _aOnline-Ressource
_bcr
_2rdacarrier
583 1 _aArchivierung/Langzeitarchivierung gewährleistet
_5DE-101
_2pdager
653 _a(Produktform)Electronic book text
653 _a(BISAC Subject Heading)CGN004120
653 _a(Produktform (spezifisch))Fixed format
653 _aKamome Shirahama
653 _aHarry Potter
653 _aAtelier
653 _aManga
653 _aMagie
653 _aHexen
653 _aAnime
653 _a(VLB-Produktgruppen)TN000: E-Books
653 _a(Produktgruppe)00033: EMA.digital
653 _a(VLB-WN)9182: Manga, Manhwa/
653 _aZauberschule
653 _aHut
653 _aHexe
653 _a(Produktgruppe)00004: Egmont Manga
653 _a(DDB-Sachgruppen)08: Comics, Cartoons, Karikaturen
700 1 _83\p
_0(DE-588)1184943974
_0https://d-nb.info/gnd/1184943974
_0(DE-101)1184943974
_aSuzuki, Cordelia
_d1982-
_eÜbersetzer
_4trl
_2gnd
776 0 8 _iErscheint auch als
_nDruck-Ausgabe
_z9783770456949
856 4 0 _uhttps://nbn-resolving.org/urn:nbn:de:101:1-2023061911271428545054
856 0 _uhttps://d-nb.info/1293189588/34
856 4 _qepub
883 1 _81\p
_anpi
_d20230619
_qDE-101
_uhttps://d-nb.info/provenance/plan#npi
883 _82\p
_acgwrk-pa
_d20230620
_qDE-101
_uhttps://d-nb.info/provenance/plan#cgwrk-pa
883 0 _83\p
_aptc002
_d20260117
_qDE-101
_uhttps://d-nb.info/provenance/plan#ptc002
883 1 _84\p
_anpi
_d20230619
_qDE-101
_uhttps://d-nb.info/provenance/plan#npi
942 _2ddc
_cMGA
_n0
999 _c1567
_d1567